[Event "WY Girls-U14"]
[Site "Porto Carras GRE"]
[Date "2010.10.27"]
[Round "8.3"]
[White "Hakimifard, Raana"]
[Black "Nicolas Zapata, Irene"]
[Result "1-0"]
[WhiteElo "1930"]
[BlackElo "2027"]
[WhiteFideId "12510572"]
[BlackFideId "22247270"]
[EventDate "2010.10.20"]

1. e4 c5 2. Nf3 d6 3. d4 cxd4 4. Nxd4 Nf6 5. Nc3 Nc6 6. g3 Bg4 7. f3 Bd7 8. Be3
g6 9. Qd2 Bg7 10. Be2 Rc8 11. Nxc6 Bxc6 12. Bxa7 O-O 13. Bd4 Qa5 14. O-O Rfd8
15. Qe3 Qb4 16. a3 Qxb2 17. Ra2 Nd5 18. exd5 1-0

[Event "WY Girls-U14"]
[Site "Porto Carras GRE"]
[Date "2010.10.27"]
[Round "8.4"]
[White "Zarkovic, Mila"]
[Black "Osmanodja, Filiz"]
[Result "1-0"]
[BlackTitle "WFM"]
[WhiteElo "1953"]
[BlackElo "2059"]
[WhiteFideId "900451"]
[BlackFideId "24633569"]
[EventDate "2010.10.20"]

1. e4 c5 2. Nf3 d6 3. d4 cxd4 4. Nxd4 Nf6 5. Nc3 Nc6 6. Bc4 e6 7. Bb3 Be7 8. Be3
O-O 9. Qe2 Bd7 10. O-O-O Nxd4 11. Bxd4 b5 12. e5 dxe5 13. Qxe5 b4 14. Ne4 Bc6
15. Rhe1 Qb8 16. Qg5 Bxe4 17. Rxe4 h6 18. Qe3 Nxe4 19. Qxe4 Bg5+ 20. Kb1 Qf4 21.
Qxf4 Bxf4 22. g3 Bc7 23. c3 bxc3 24. bxc3 Rfd8 25. c4 Rab8 26. Kc2 Bb6 27. Bxb6
Rxd1 28. Bxa7 Rbd8 29. Be3 R1d7 30. c5 Rc7 31. Kc3 Kf8 32. Bc4 Ra8 33. Bf4 Rcc8
34. Bd6+ Kg8 35. Kb4 Ra7 36. a4 Rca8 37. Bb5 f6 38. c6 Kf7 39. Bc5 Rc7 40. a5
Ke8 41. Bb6 Kd8 42. Kc5 Kc8 43. Kd6 Raa7 44. Ba6+ Kb8 45. Bxc7+ Rxc7 46. Bb7 Rf7
47. Kxe6 Rc7 48. a6 f5 49. f4 g6 50. Kf6 g5 51. fxg5 hxg5 52. Kxg5 Rh7 53. Kxf5
Rxh2 54. g4 Rf2+ 55. Kg6 Rd2 56. g5 Rd6+ 57. Kf7 Rd1 58. g6 Rf1+ 59. Kg8 Rg1 60.
g7 Rg3 61. Kf8 Rf3+ 62. Kg8 Rg3 63. Bc8 Kxc8 64. a7 Ra3 65. Kf8 Rxa7 66. g8=Q
Kc7 67. Qf7+ Kb8 68. Qxa7+ Kxa7 69. Ke7 1-0

[Event "WY Girls-U14"]
[Site "Porto Carras GRE"]
[Date "2010.10.27"]
[Round "8.5"]
[White "Tantsiura, Marja"]
[Black "Lasya, G"]
[Result "1-0"]
[WhiteElo "2030"]
[BlackElo "1883"]
[WhiteFideId "14124327"]
[BlackFideId "5068800"]
[EventDate "2010.10.20"]

1. e4 c5 2. Nf3 d6 3. d4 Nf6 4. Nc3 cxd4 5. Nxd4 g6 6. Be3 Bg7 7. f3 O-O 8. Qd2
Nc6 9. Bc4 Bd7 10. O-O-O Ne5 11. Bb3 Rc8 12. h4 h5 13. Kb1 Nc4 14. Bxc4 Rxc4 15.
Rdg1 b5 16. g4 hxg4 17. h5 gxh5 18. Bh6 Rc5 19. Nd5 Nxd5 20. Bxg7 Nc3+ 21. bxc3
Kxg7 22. fxg4 Rh8 23. gxh5+ Kf8 24. h6 e6 25. h7 Qf6 26. Rh6 Qe5 27. Nf3 Qxc3
28. Qxd6+ 1-0

[Event "WY Girls-U14"]
[Site "Porto Carras GRE"]
[Date "2010.10.27"]
[Round "8.6"]
[White "Garcia-Castany Musellas, Gal.la"]
[Black "Styazhkina, Anna"]
[Result "0-1"]
[BlackTitle "WFM"]
[WhiteElo "1768"]
[BlackElo "1974"]
[WhiteFideId "2241803"]
[BlackFideId "24119300"]
[EventDate "2010.10.20"]

1. e4 e5 2. Nf3 Nc6 3. Bb5 g6 4. c3 a6 5. Ba4 d6 6. h3 Bg7 7. O-O Ne7 8. d4 Bd7
9. d5 Nb8 10. Bxd7+ Nxd7 11. Nbd2 O-O 12. a4 h6 13. Nh2 f5 14. f4 Nf6 15. fxe5
dxe5 16. exf5 Nxf5 17. Nc4 Qxd5 18. Qxd5+ Nxd5 19. Re1 Rae8 20. Ng4 e4 21. Nge3
Nfxe3 22. Bxe3 h5 23. Bc5 Rf7 24. Rad1 Nf4 25. h4 b6 26. Ba3 b5 27. axb5 axb5
28. Nd2 e3 29. Nb3 Bh6 30. Rd4 e2 31. Nc5 Nh3+ 32. gxh3 Be3+ 33. Kg2 Rf2+ 34.
Kg3 Ref8 35. Rf4 R8xf4 0-1

[Event "WY Girls-U14"]
[Site "Porto Carras GRE"]
[Date "2010.10.27"]
[Round "8.7"]
[White "Jacimovic, Sara"]
[Black "Fataliyeva, Ulviyya Hasil qizi"]
[Result "0-1"]
[BlackTitle "WCM"]
[WhiteElo "1908"]
[BlackElo "1959"]
[WhiteFideId "14403668"]
[BlackFideId "13403052"]
[EventDate "2010.10.20"]

1. e4 e6 2. d4 d5 3. e5 c5 4. c3 Nc6 5. Nf3 Qb6 6. a3 c4 7. Nbd2 Na5 8. Rb1 Bd7
9. g3 Be7 10. Bg2 Nh6 11. Nf1 Nf5 12. Bf4 h5 13. h4 O-O-O 14. N3d2 f6 15. Ne3
Nxe3 16. fxe3 g5 17. exf6 gxf4 18. fxe7 Rdg8 19. exf4 Rxg3 20. Qe2 Qd6 21. Rf1
Rhg8 22. Rf2 Nc6 23. Qxh5 Qxe7 24. Bf1 Be8 25. Qe2 Bg6 26. Rc1 Bd3 27. Qh5 Bf5
28. Be2 Rh3 29. Bd1 Rxh4 30. Qe2 Bd3 31. Qf3 Qh7 32. Nf1 Rh3 33. Rg2 Rxf3 34.
Rxg8+ Qxg8 35. Bxf3 Bxf1 36. Kxf1 Qg3 37. Ke2 Qh2+ 0-1

[Event "WY Girls-U14"]
[Site "Porto Carras GRE"]
[Date "2010.10.27"]
[Round "8.8"]
[White "Rodriguez Rueda, Paula Andrea"]
[Black "Kostitsina, Liubov"]
[Result "1/2-1/2"]
[WhiteTitle "WFM"]
[WhiteElo "2099"]
[BlackElo "1910"]
[WhiteFideId "4404564"]
[BlackFideId "24117110"]
[EventDate "2010.10.20"]

1. d4 Nf6 2. c4 c5 3. Nf3 cxd4 4. Nxd4 Nc6 5. Nc3 d5 6. e3 e5 7. Ndb5 d4 8. exd4
Nxd4 9. Bg5 Bf5 10. Nxd4 exd4 11. Nd5 Qa5+ 12. Bd2 Qd8 13. Qf3 Nxd5 14. Qxf5
Qe7+ 15. Be2 Nc7 16. O-O g6 17. Qa5 Ne6 18. Rfe1 Bg7 19. Bb4 Qd8 20. Qd5 Qd7 21.
Bg4 O-O-O 22. Rac1 Rhe8 23. Qa5 Kb8 24. c5 Qc7 25. Bxe6 fxe6 26. Qxc7+ Kxc7 27.
Ba5+ Kd7 28. Bxd8 Rxd8 29. b4 a6 30. a4 e5 31. b5 axb5 32. axb5 Rc8 33. Kf1 Bh6
34. Rc4 Bg7 35. Ra1 Ke6 36. c6 b6 37. Ra7 Kd5 38. Rc2 Bf8 39. Rd7+ Ke6 40. Rxh7
e4 41. Rd7 Bc5 42. Rc4 Ke5 43. f4+ Kxf4 44. Rdxd4 Bxd4 45. Rxd4 Ke3 46. Rd1 Rf8+
47. Ke1 Rf2 48. Rc1 Re2+ 49. Kf1 Rf2+ 50. Kg1 Rf8 51. c7 Rc8 52. Kf1 Kd2 53. Rc6
Rf8+ 54. Kg1 Rc8 55. Rd6+ Ke2 56. Rd7 Ra8 57. h4 Ra1+ 58. Kh2 Rc1 59. Kg3 e3 60.
Kg4 Kf2 61. g3 e2 62. Rf7+ Kg2 63. Re7 Kf2 64. Rf7+ Kg2 65. Re7 Kf2 66. Rf7+ 1/2-1/2

[Event "WY Girls-U14"]
[Site "Porto Carras GRE"]
[Date "2010.10.27"]
[Round "8.9"]
[White "Khademalsharieh, Sarasadat"]
[Black "Ruiz Font, Elisabet"]
[Result "1/2-1/2"]
[WhiteTitle "WFM"]
[WhiteElo "2075"]
[BlackElo "1902"]
[WhiteFideId "12512214"]
[BlackFideId "2200490"]
[EventDate "2010.10.20"]

1. d4 f5 2. g3 Nf6 3. Bg2 g6 4. c3 Bg7 5. Qb3 d5 6. Nh3 O-O 7. Nf4 c6 8. Nd2 Qb6
9. Qa3 e5 10. dxe5 Ng4 11. Nd3 Nxe5 12. Nxe5 Bxe5 13. Nf3 Bg7 14. Be3 Qa6 15.
Qb3 Be6 16. h4 Re8 17. Ng5 h6 18. Nxe6 Rxe6 19. h5 g5 20. Qc2 Rf6 21. Bd4 Rf7
22. Bxg7 Kxg7 23. Bh3 g4 24. Bxg4 fxg4 25. Qg6+ Kf8 26. Qxh6+ Ke7 27. Qg5+ Kd6
28. Qd8+ Rd7 29. Qf6+ Kc7 30. h6 Rh7 31. Qg6 Re7 32. Qxg4 Nd7 33. Qf4+ Ne5 34.
Rh5 Rae8 35. h7 Kd7 36. O-O-O Qxa2 37. Qf5+ Kc7 38. h8=Q Rxh8 39. Rxh8 Nc4 40.
Qb1 Qxb1+ 41. Kxb1 Rxe2 42. Rh7+ Kb6 43. Ka1 Rxf2 44. Rg1 Nd2 45. g4 Rf4 46. b4
Ne4 47. Rh3 Rf6 48. Re3 Kb5 49. g5 Rg6 50. Rg4 Kc4 51. Kb2 b6 52. Kc2 a5 53. Rd3
Kb5 54. Rd4 axb4 55. cxb4 Ka6 56. Kb3 Kb5 57. Ka3 Ka6 58. Ka4 Nc3+ 59. Kb3 Ne4 1/2-1/2

[Event "WY Girls-U14"]
[Site "Porto Carras GRE"]
[Date "2010.10.27"]
[Round "8.10"]
[White "Pachon, Adriana"]
[Black "Schmalhorst, Sophia"]
[Result "0-1"]
[WhiteTitle "WFM"]
[WhiteElo "1923"]
[BlackElo "1850"]
[WhiteFideId "4400690"]
[BlackFideId "24682497"]
[EventDate "2010.10.20"]

1. e4 e5 2. Nf3 Nc6 3. Bc4 Bc5 4. d3 Nf6 5. c3 d6 6. Bb3 a6 7. O-O Ba7 8. Be3
O-O 9. Nbd2 h6 10. Re1 Nh5 11. Bxa7 Rxa7 12. Nf1 Qf6 13. Ne3 Nf4 14. Nd5 Nxd5
15. exd5 Ne7 16. Nd2 Qg6 17. d4 Bg4 18. f3 Bh3 19. g3 Nf5 20. Bc2 h5 21. dxe5
dxe5 22. Rxe5 Qb6+ 23. Kh1 Ne3 24. Rxe3 Qxe3 25. Nc4 Qf2 26. Qd2 Bg2# 0-1

[Event "WY Girls-U14"]
[Site "Porto Carras GRE"]
[Date "2010.10.27"]
[Round "8.11"]
[White "Gaboyan, Susanna"]
[Black "Shamatava, Ana"]
[Result "1-0"]
[WhiteElo "1806"]
[BlackElo "1922"]
[WhiteFideId "13303627"]
[BlackFideId "13601008"]
[EventDate "2010.10.20"]

1. d4 Nf6 2. Nf3 e6 3. e3 c5 4. c4 d5 5. Nc3 Nc6 6. b3 cxd4 7. Nxd4 Bb4 8. Bb2
Qa5 9. Nb5 O-O 10. a3 Be7 11. b4 Qd8 12. cxd5 exd5 13. Be2 a6 14. Nd4 Bd6 15.
O-O Re8 16. Nf3 h6 17. Qd2 Ne4 18. Qc2 Bf5 19. Bd3 Rc8 20. Qb3 Be6 21. Qd1 f5
22. Ne2 Qe7 23. Ned4 Ne5 24. Nxe6 Qxe6 25. Nd4 Qf7 26. f3 Nxd3 27. Qxd3 Qh5 28.
g3 Nxg3 29. hxg3 Bxg3 30. Qd2 Qg5 31. Qg2 Qxe3+ 32. Kh1 f4 33. Nf5 Qb3 34. Rac1
d4 35. Ne7+ Rxe7 36. Rxc8+ Kh7 37. Qc2+ Qxc2 38. Rxc2 d3 39. Rd2 Re2 40. Bc3 Re3
41. Kg2 Re2+ 42. Rxe2 dxe2 43. Rh1 1-0

[Event "WY Girls-U14"]
[Site "Porto Carras GRE"]
[Date "2010.10.27"]
[Round "8.12"]
[White "Dragieva, Denitza"]
[Black "Beinenson, Katsiaryna"]
[Result "0-1"]
[WhiteElo "1803"]
[BlackElo "1921"]
[WhiteFideId "2907232"]
[BlackFideId "13507044"]
[EventDate "2010.10.20"]

1. d4 d5 2. Nf3 Nf6 3. Bf4 e6 4. e3 c5 5. Be2 Qb6 6. Nc3 c4 7. Rb1 Bb4 8. Nd2
Qa5 9. O-O Bxc3 10. bxc3 Qxc3 11. Bd6 Qa5 12. e4 Nc6 13. exd5 exd5 14. Re1 Qd8
15. Bc5 Kd7 16. c3 Kc7 17. Bf3 Bf5 18. Rb2 Re8 19. Nb1 b6 20. Ba3 Bd3 21. Re3
Qd7 22. Be2 Bf5 23. Rxe8 Rxe8 24. Nd2 Qe6 25. Nf3 Ne4 26. Qc1 h6 27. Bb4 Nxb4
28. Rxb4 Ng5 29. Qf4+ Kb7 30. Bf1 Qe4 31. Qg3 Nxf3+ 32. gxf3 Qe1 33. Rb2 Bd3 34.
Qg2 Qc1 35. f4 Qxb2 36. Qxd5+ Ka6 0-1

[Event "WY Girls-U14"]
[Site "Porto Carras GRE"]
[Date "2010.10.28"]
[Round "9.1"]
[White "Saduakassova, Dinara"]
[Black "Zarkovic, Mila"]
[Result "1-0"]
[WhiteTitle "WFM"]
[WhiteElo "2142"]
[BlackElo "1953"]
[WhiteFideId "13700090"]
[BlackFideId "900451"]
[EventDate "2010.10.20"]

1. e4 c5 2. Nf3 e6 3. d4 cxd4 4. Nxd4 Nf6 5. Nc3 d6 6. Be2 Be7 7. O-O O-O 8. Kh1
a6 9. f4 Qc7 10. Qe1 b5 11. Bf3 Bb7 12. e5 dxe5 13. fxe5 Nfd7 14. Qg3 Re8 15.
Bh6 Bf8 16. Rae1 Bxf3 17. Rxf3 Nc5 18. b4 Nb7 19. Ref1 Nd8 20. Ne4 Kh8 21. Nd6
Re7 22. Bg5 1-0

[Event "WY Girls-U14"]
[Site "Porto Carras GRE"]
[Date "2010.10.28"]
[Round "9.2"]
[White "Styazhkina, Anna"]
[Black "Lei, Tingjie"]
[Result "1/2-1/2"]
[WhiteTitle "WFM"]
[WhiteElo "1974"]
[BlackElo "1990"]
[WhiteFideId "24119300"]
[BlackFideId "8605114"]
[EventDate "2010.10.20"]

1. e4 c5 2. Ne2 Nc6 3. g3 g6 4. Bg2 Bg7 5. c3 e5 6. O-O Nge7 7. d3 d5 8. Be3 d4
9. cxd4 cxd4 10. Bd2 O-O 11. f4 Be6 12. Na3 Qb6 13. b3 Rac8 14. Nc4 Qd8 15. fxe5
Nxe5 16. Nxe5 Bxe5 17. Bh6 Re8 18. Nf4 Qd7 19. Nxe6 Qxe6 20. Qf3 f6 21. Rf2 Rc3
22. Raf1 Nc6 23. g4 g5 24. Qe2 Nb4 25. h4 Rc2 26. Qf3 Bf4 27. e5 Qxe5 28. Qxb7
Qe7 29. Qxe7 Rxe7 30. Rxc2 Nxc2 31. Bd5+ Kh8 32. hxg5 fxg5 33. a4 Re5 34. Be4
Kg8 35. b4 Nxb4 36. Rb1 a5 37. Kg2 Rc5 38. Rh1 Rc2+ 39. Kf3 Rc5 40. Bxh7+ Kf7
41. Ke4 Nc6 42. Bf5 Re5+ 43. Kf3 Re3+ 44. Kg2 Nb4 45. Rh5 Kf6 46. Bf8 Nxd3 47.
Rh7 Re2+ 1/2-1/2

[Event "WY Girls-U14"]
[Site "Porto Carras GRE"]
[Date "2010.10.28"]
[Round "9.3"]
[White "Nandhidhaa, PV"]
[Black "Hakimifard, Raana"]
[Result "0-1"]
[WhiteElo "2060"]
[BlackElo "1930"]
[WhiteFideId "5050847"]
[BlackFideId "12510572"]
[EventDate "2010.10.20"]

1. e4 e5 2. Nf3 Nc6 3. Bb5 a6 4. Ba4 Nf6 5. d3 b5 6. Bb3 Bc5 7. O-O d6 8. c3 Ba7
9. Bg5 h6 10. Bh4 g5 11. Bg3 Rg8 12. d4 exd4 13. Nxd4 Nxd4 14. cxd4 Bb7 15. Re1
Kf8 16. e5 dxe5 17. Bxe5 Nd7 18. Bg3 Qf6 19. Qg4 Rd8 20. Nc3 Bxd4 21. Rad1 c5
22. Bd5 Qb6 23. Qf3 Bxd5 24. Nxd5 Qc6 25. b4 Ne5 26. Rxe5 Bxe5 27. Bxe5 c4 28.
Bf6 Rd7 29. Qe2 Qe6 30. Qxe6 fxe6 31. Nc3 Rxd1+ 32. Nxd1 Kf7 33. Bc3 Rd8 34. Nb2
Kg6 35. Kf1 Kf5 36. Ke2 Ke4 37. f3+ Kf4 38. g3+ Kf5 39. Ke3 h5 40. h3 g4 41.
hxg4+ hxg4 42. f4 Rd7 43. a4 Rh7 44. axb5 axb5 45. Nd1 Rh1 46. Nf2 Rf1 47. Bd2
Rb1 48. Ne4 Kg6 49. Kd4 Rh1 50. Ke5 Kf7 51. Nd6+ Ke7 52. Nxb5 Rd1 53. Nd6 Rxd2
54. Nxc4 Rd3 55. f5 Rd5+ 56. Ke4 Rxf5 57. Ne5 Kd6 58. Nc4+ Kc6 59. Ne5+ Kb5 60.
Nxg4 Kxb4 61. Ne3 Rc5 62. g4 Kb5 63. Kf4 Kc6 64. g5 Kd6 65. g6 Ke7 66. Ng4 Rf5+
67. Ke4 Rg5 68. Ne5 Kf6 69. Nd7+ Kxg6 70. Ne5+ Kf6 71. Nd7+ Ke7 72. Ne5 Rf5 73.
Nc4 Kf6 74. Nd6 Re5+ 75. Kf4 Rd5 76. Ne4+ Kg6 77. Nc3 e5+ 78. Ke4 Rc5 79. Nd5
Rxd5 80. Kxd5 Kf5 81. Kc4 Kf4 82. Kd3 Kf3 83. Kd2 e4 84. Ke1 Ke3 85. Kd1 Kf2 0-1

[Event "WY Girls-U14"]
[Site "Porto Carras GRE"]
[Date "2010.10.28"]
[Round "9.4"]
[White "Fataliyeva, Ulviyya Hasil qizi"]
[Black "Tantsiura, Marja"]
[Result "1/2-1/2"]
[WhiteTitle "WCM"]
[WhiteElo "1959"]
[BlackElo "2030"]
[WhiteFideId "13403052"]
[BlackFideId "14124327"]
[EventDate "2010.10.20"]

1. e4 c5 2. Nf3 d6 3. d4 cxd4 4. Nxd4 Nf6 5. Nc3 g6 6. Be3 Bg7 7. f3 O-O 8. Qd2
Nc6 9. Bc4 Bd7 10. O-O-O Rb8 11. Bb3 Na5 12. g4 b5 13. Kb1 Nxb3 14. Nxb3 a5 15.
h4 a4 16. Nc1 b4 17. N3e2 Qa5 18. h5 Bxg4 19. fxg4 Nxe4 20. Qd5 Qxd5 21. Rxd5 e6
22. Ra5 Ra8 23. Rxa8 Rxa8 24. Nd3 Rb8 25. g5 a3 26. Nf2 Nxf2 27. Bxf2 Bxb2 28.
Bd4 Bxd4 29. Nxd4 gxh5 30. Rxh5 Rc8 31. Rh3 Rc5 32. Nf3 Kg7 33. Rh1 Rf5 34. Nd2
d5 35. Kc1 Rxg5 36. Nf3 Rg3 37. Ne5 f6 38. Nc6 Rg4 39. Re1 e5 40. Ne7 d4 41. Nc6
h5 42. Nxb4 h4 43. Nd3 Kg6 44. Rf1 Rg2 45. Ne1 Rg3 46. Kd2 h3 47. Ke2 e4 48. Kf2
Rc3 49. Rg1+ Kf5 50. Rg8 Kf4 51. Rh8 f5 52. Rd8 Ke5 1/2-1/2

[Event "WY Girls-U14"]
[Site "Porto Carras GRE"]
[Date "2010.10.28"]
[Round "9.5"]
[White "Beinenson, Katsiaryna"]
[Black "Bivol, Alina"]
[Result "0-1"]
[WhiteElo "1921"]
[BlackElo "2076"]
[WhiteFideId "13507044"]
[BlackFideId "4100123"]
[EventDate "2010.10.20"]

1. e4 e6 2. d4 d5 3. Nc3 Bb4 4. e5 c5 5. Bd2 Bd7 6. a3 Bxc3 7. Bxc3 b6 8. Qg4 g6
9. Nf3 Nc6 10. Qf4 Qc7 11. Bb5 f5 12. O-O Nge7 13. Qh4 h6 14. Qf6 Rf8 15. Qg7
O-O-O 16. Ba6+ Kb8 17. dxc5 bxc5 18. b4 Rg8 19. Qxh6 d4 20. Bd2 cxb4 21. axb4
Nd5 22. Rfe1 g5 23. Bxg5 Rdf8 24. b5 Ncb4 25. Nxd4 Qb6 26. Be3 Nxe3 27. Qxe3 Nd5
28. Qd2 Rg4 29. Nc6+ Ka8 30. Bb7+ Kxb7 31. Rxa7+ Qxa7 32. Nxa7 Rfg8 33. g3 Kxa7
34. Qa5+ Kb7 35. Qa6+ Kc7 36. Qa7+ Kd8 37. Rb1 Ke7 38. b6 Ra4 39. Qb7 Rc8 40. h4
f4 41. h5 fxg3 42. fxg3 Raa8 43. h6 Rcb8 44. Qxa8 Rxa8 45. b7 Rb8 46. h7 Ne3 47.
c3 Ng4 48. h8=Q Rxh8 49. b8=Q Rxb8 50. Rxb8 Nxe5 51. Kf2 Ng4+ 52. Kf3 e5 53. Ke4
Kd6 54. Rb6+ Kc5 55. Rb4 Bc8 56. Ra4 Kd6 57. Rb4 Nf6+ 58. Kf3 Bd7 59. g4 Bc6+
60. Ke2 Nd5 61. Rb3 Kc5 62. Kd2 e4 63. g5 Be8 64. Rb8 e3+ 65. Kd3 Bg6+ 66. Ke2
Bh5+ 67. Kd3 e2 68. Rb1 Bg6+ 69. Kxe2 Nxc3+ 70. Ke3 Nxb1 71. Kf4 Kd4 72. Kf3 Nc3
73. Kf4 Nd5+ 74. Kf3 Kd3 75. Kf2 Bh5 76. Kg3 Ke3 77. Kh4 Bg6 78. Kg4 Kf2 79. Kh4
Kf3 80. Kh3 Ne3 81. Kh4 Kf4 82. Kh3 Bh5 83. Kh4 Bg4 0-1

[Event "WY Girls-U14"]
[Site "Porto Carras GRE"]
[Date "2010.10.28"]
[Round "9.6"]
[White "Schmalhorst, Sophia"]
[Black "Gaboyan, Susanna"]
[Result "0-1"]
[WhiteElo "1850"]
[BlackElo "1806"]
[WhiteFideId "24682497"]
[BlackFideId "13303627"]
[EventDate "2010.10.20"]

1. e4 c5 2. Nf3 Nc6 3. d4 cxd4 4. Nxd4 Nf6 5. Nc3 e5 6. Ndb5 d6 7. Bg5 a6 8. Na3
b5 9. Nd5 Be7 10. Bxf6 Bxf6 11. c3 Bg5 12. Nc2 O-O 13. a4 bxa4 14. Rxa4 a5 15.
Bc4 Rb8 16. b3 Kh8 17. Nce3 Bd7 18. O-O g6 19. Ra3 f5 20. Bd3 f4 21. Nc4 f3 22.
g3 Be6 23. Nce3 Ne7 24. Nxe7 Qxe7 25. Bc4 d5 26. Nxd5 Qxa3 0-1

[Event "WY Girls-U14"]
[Site "Porto Carras GRE"]
[Date "2010.10.28"]
[Round "9.7"]
[White "Bala Kannamma, P"]
[Black "Rodriguez Rueda, Paula Andrea"]
[Result "1-0"]
[BlackTitle "WFM"]
[WhiteElo "1866"]
[BlackElo "2099"]
[WhiteFideId "5081432"]
[BlackFideId "4404564"]
[EventDate "2010.10.20"]

1. e4 c5 2. Nf3 d6 3. d4 cxd4 4. Nxd4 Nf6 5. Nc3 a6 6. Bc4 e6 7. Bb3 Qc7 8. Be3
Nc6 9. f3 Be7 10. Qd2 Bd7 11. O-O-O Ne5 12. Kb1 b5 13. g4 b4 14. Na4 Rb8 15. c3
Nc4 16. Qe1 O-O 17. cxb4 Nxe3 18. Qxe3 Rxb4 19. Nc3 Rfb8 20. g5 Ne8 21. f4 a5
22. Nc2 R4b7 23. Qd4 Qc5 24. Ka1 Qxd4 25. Nxd4 Nc7 26. h4 Na6 27. Ba4 e5 28.
fxe5 dxe5 29. Nf3 Bxa4 30. Nxa4 Rb4 31. Nc3 Rxb2 32. Nxe5 Ba3 33. Nc4 Rc2 34.
Nxa3 Rxc3 35. Nb1 Rc2 36. Rd2 Nb4 37. a3 Rxd2 38. Nxd2 Nc2+ 39. Ka2 Rd8 40. Nc4
Ra8 41. Rd1 Kf8 42. Kb2 Rc8 43. Nxa5 Ne3 44. Rd4 Rc5 45. Nb7 Rb5+ 46. Rb4 Rxb4+
47. axb4 g6 48. Nd6 Ke7 49. e5 Ng4 50. Nc4 h6 51. b5 hxg5 52. hxg5 Kd7 53. Kc3
Ke6 54. Kd4 Nh2 55. b6 Kd7 56. Ke4 Kc6 57. Kf4 Kb7 58. Kg3 Nf1+ 59. Kg2 1-0

[Event "WY Girls-U14"]
[Site "Porto Carras GRE"]
[Date "2010.10.28"]
[Round "9.8"]
[White "Kahramanova, Mohinur"]
[Black "Khademalsharieh, Sarasadat"]
[Result "0-1"]
[BlackTitle "WFM"]
[WhiteElo "1811"]
[BlackElo "2075"]
[WhiteFideId "14201771"]
[BlackFideId "12512214"]
[EventDate "2010.10.20"]

1. e4 e5 2. Nf3 Nc6 3. Bc4 Bc5 4. c3 Nf6 5. d3 a6 6. Bb3 Ba7 7. h3 h6 8. Nbd2 d6
9. Nf1 Be6 10. Ng3 Qd7 11. Be3 Bxe3 12. fxe3 d5 13. exd5 Nxd5 14. Qe2 O-O 15.
O-O Rad8 16. Ne4 Qe7 17. c4 Nb6 18. Rad1 Bf5 19. Ng3 Bg6 20. a3 Rfe8 21. e4 Nd7
22. Ba2 a5 23. Qc2 Nc5 24. Rfe1 Ne6 25. Ne2 Qc5+ 26. Kh1 Bh5 27. g4 Bg6 28. Nh4
Qf2 29. Ng2 Qf3 30. Ng1 Qf6 31. Rf1 Qe7 32. Qf2 Nc5 33. Qg3 Rd6 34. Qf3 Red8 35.
Bb1 Qd7 36. Nh4 Bxe4 37. dxe4 Rxd1 38. Rf2 Rxb1 39. Nf5 Nd3 40. Rd2 Ne1 41. Rxd7
Nxf3 42. Rxd8+ Nxd8 0-1

[Event "WY Girls-U14"]
[Site "Porto Carras GRE"]
[Date "2010.10.28"]
[Round "9.9"]
[White "Osmanodja, Filiz"]
[Black "Cyboran, Katarzyna"]
[Result "0-1"]
[WhiteTitle "WFM"]
[WhiteElo "2059"]
[BlackElo "1800"]
[WhiteFideId "24633569"]
[BlackFideId "1170597"]
[EventDate "2010.10.20"]

1. e4 c5 2. Nf3 Nc6 3. d4 cxd4 4. Nxd4 d5 5. Nxc6 bxc6 6. exd5 Qxd5 7. Nc3 Qxd1+
8. Nxd1 e5 9. Bc4 Nf6 10. O-O Bd6 11. Ne3 Ke7 12. b3 Be6 13. Ba6 Rab8 14. Nc4
Nd5 15. Nxd6 Kxd6 16. Rd1 Kc7 17. Bb2 f6 18. a3 Rhd8 19. Bd3 g6 20. g3 Bg4 21.
Re1 Bf3 22. Rab1 Re8 23. Be4 Bg4 24. c4 Ne7 25. Bc3 Bf5 26. f3 Bxe4 27. fxe4 c5
28. Rf1 Rf8 29. b4 Kc6 30. bxc5 Ra8 0-1

[Event "WY Girls-U14"]
[Site "Porto Carras GRE"]
[Date "2010.10.28"]
[Round "9.10"]
[White "Nicolas Zapata, Irene"]
[Black "Garcia-Castany Musellas, Gal.la"]
[Result "0-1"]
[WhiteElo "2027"]
[BlackElo "1768"]
[WhiteFideId "22247270"]
[BlackFideId "2241803"]
[EventDate "2010.10.20"]

1. Nf3 d5 2. d4 Nf6 3. c4 e6 4. g3 Bb4+ 5. Bd2 Bd6 6. Bg2 O-O 7. O-O c6 8. Qc2
Nbd7 9. Bg5 h6 10. Bxf6 Nxf6 11. Nbd2 b6 12. e4 Be7 13. e5 Nd7 14. cxd5 cxd5 15.
Rfc1 Ba6 16. Qa4 Nb8 17. Rc3 b5 18. Qb3 b4 19. Rc2 Qb6 20. Rac1 Bb7 21. Qe3 Nc6
22. Nb3 a5 23. Bf1 Rfc8 24. Ne1 a4 25. Nc5 Bxc5 26. Rxc5 Ra5 27. Nd3 Ba6 28.
Rxa5 Qxa5 29. Nc5 Bxf1 30. Kxf1 a3 31. b3 Na7 32. Kg2 Nb5 33. Nb7 Qa8 34. Nd6
Rxc1 35. Qxc1 Nc3 36. Qc2 Qa6 37. Qd2 g5 38. h4 Qe2 39. Qc1 Nd1 40. hxg5 Qxf2+
41. Kh3 Qf1+ 42. Kh2 Qe2+ 43. Kg1 Ne3 44. Qc8+ Kh7 45. g6+ Kg7 46. Nf5+ exf5 0-1

[Event "WY Girls-U14"]
[Site "Porto Carras GRE"]
[Date "2010.10.28"]
[Round "9.11"]
[White "Kostitsina, Liubov"]
[Black "Rykala, Monika"]
[Result "1-0"]
[WhiteElo "1910"]
[BlackElo "1767"]
[WhiteFideId "24117110"]
[BlackFideId "1125249"]
[EventDate "2010.10.20"]

1. e4 c5 2. Nf3 d6 3. d4 cxd4 4. Nxd4 Nf6 5. Nc3 a6 6. Bg5 e6 7. f4 Be7 8. Qf3
Nbd7 9. O-O-O Qc7 10. g4 b5 11. Bxf6 Nxf6 12. g5 Nd7 13. f5 Nc5 14. f6 gxf6 15.
gxf6 Bf8 16. Rg1 b4 17. Nd5 exd5 18. exd5 Nd7 19. Ne6 Qa7 20. Bh3 Ne5 21. Qh5
Bd7 22. Rge1 Rc8 23. Rxe5 dxe5 24. Qxe5 fxe6 25. dxe6 Rxc2+ 26. Kxc2 Ba4+ 27. b3
Qc5+ 28. Qxc5 Bxc5 29. bxa4 O-O 30. e7 Bxe7 31. Be6+ Kh8 32. fxe7 Re8 33. Rd8 1-0

[Event "WY Girls-U14"]
[Site "Porto Carras GRE"]
[Date "2010.10.28"]
[Round "9.12"]
[White "Lasya, G"]
[Black "Jacimovic, Sara"]
[Result "0-1"]
[WhiteElo "1883"]
[BlackElo "1908"]
[WhiteFideId "5068800"]
[BlackFideId "14403668"]
[EventDate "2010.10.20"]

1. e4 e5 2. Nf3 Nc6 3. Bb5 a6 4. Ba4 Nf6 5. O-O Be7 6. Re1 b5 7. Bb3 d6 8. c3
O-O 9. h3 Na5 10. Bc2 c5 11. d4 Qc7 12. d5 Nc4 13. a4 Nb6 14. b3 Bb7 15. a5 Nbd7
16. Nbd2 Rfe8 17. Nf1 Bf8 18. Ng3 g6 19. h4 Bg7 20. h5 h6 21. Nh4 Nf8 22. Qf3
Qd8 23. hxg6 fxg6 24. Ngf5 gxf5 25. Nxf5 Kh7 26. Qg3 Ng6 27. f4 Rg8 28. fxe5
Nxe5 29. Qh3 Nfg4 30. Bd1 Bf8 31. Bf4 Bc8 32. Qh5 Qf6 33. Rf1 Bxf5 34. exf5 Ra7
35. Bc2 Rag7 36. Be4 Kh8 0-1